| 000 | 00503nam a22001817a 4500 | ||
|---|---|---|---|
| 005 | 20171107151830.0 | ||
| 010 | _aENG-121278 | ||
| 020 |
_a9789386288790 _c480.00 |
||
| 035 | _aEN-104810 | ||
| 037 | _bDBAD/PUB | ||
| 082 | _aS | ||
| 100 | _aVaid,Vaneeta | ||
| 245 | 0 | 0 |
_aRescuing Tinku / _cby Vaneeta Vaid |
| 260 |
_aNew Delhi _bKW Publishers _c2017 |
||
| 270 |
_a4676/21, First Floor, Ansari Road, Daryaganj, _bNew Delhi _e110002 |
||
| 300 |
_a158p.: _c24cm(pbk) _bill. |
||
| 942 |
_2ddc _cEN _mVAI _hS |
||
| 999 |
_c147237 _d147237 |
||